| 000 | 00831nam a2200277 a 4500 | ||
|---|---|---|---|
| 001 | 000110460 | ||
| 003 | CHAP | ||
| 005 | 20220329144134.0 | ||
| 008 | 140829s2011 mx a |r| |||||||spa d | ||
| 010 | _a106922 | ||
| 011 | _a107894 | ||
| 040 | _cCHAP | ||
| 090 | _aFolleto 18458 | ||
| 245 | 0 | 3 |
_aEl romerito : _buna hortaliza cultivada en el Distrito Federal / _cpor Carballo Carballo Aquiles ... [et al.]. |
| 260 |
_aChapingo, Méx. : _bUACH, _c2011. |
||
| 300 |
_a21 p. : _bil. |
||
| 590 |
_aE11695DGD _b10 _c20140908 _lUCH01 _h0900 |
||
| 590 |
_aE5652GLJ _b05 _c20140829 _lUCH01 _h1245 |
||
| 650 | 1 | 4 |
_aRomeritos _xMercadeo. _999507 |
| 650 | 1 | 4 |
_aRomeritos _xMéxico (D.F.) _999508 |
| 650 | 1 | 4 |
_aRomeritos _xRendimiento. _999509 |
| 700 | 0 |
_aCarballo Carballo, Aquiles. _918795 |
|
| 901 | _aBK | ||
| 942 | _cFOLL | ||
| 942 | _n0 | ||
| 999 |
_c106922 _d106922 |
||